[Event "2016 WBX Team Tournament"]
[Site "Edmonton"]
[Date "2016.12.17"]
[Round "2"]
[White "Guevarra, Alvin"]
[Black "Briones, Dante"]
[Result "1-0"]
[WhiteElo "1946"]
[BlackElo "1970"]
[PlyCount "63"]
[EventDate "2016.12.17"]
[EventType "team-swiss"]
[EventRounds "5"]
[EventCountry "CAN"]

1. d4 Nf6 2. Nf3 g6 3. Bg5 Bg7 4. Nbd2 c5 5. c3 cxd4 6. cxd4 Qa5 7. Bxf6 Bxf6
8. e3 d6 9. Bd3 Bg4 10. O-O Nc6 11. h3 Bd7 12. Nc4 Qh5 13. Be2 Qh6 14. d5 Nd8
15. Nd4 O-O 16. Bg4 Be8 17. Rc1 Qg7 18. Na5 Bxd4 19. exd4 e5 20. Rc7 Rb8 21.
Re1 exd4 22. Ree7 d3 23. Nc4 Qf6 24. Qxd3 h5 25. Bxh5 gxh5 26. Qg3+ Kh8 27.
Nxd6 h4 28. Nxe8 Qh6 29. Qe5+ Kh7 30. Nf6+ Kg6 31. Rc4 Ne6 32. dxe6 1-0

[Event "2016 WBX Team Tournament"]
[Site "Edmonton"]
[Date "2016.12.17"]
[Round "2"]
[White "Kalisvaart, Peter"]
[Black "MacKinnon, Keith"]
[Result "1/2-1/2"]
[WhiteElo "2105"]
[BlackElo "2270"]
[PlyCount "84"]
[EventDate "2016.12.17"]
[EventType "team-swiss"]
[EventRounds "5"]
[EventCountry "CAN"]

1. d4 Nf6 2. Bg5 c6 3. Nc3 d5 4. Bxf6 exf6 5. Nf3 Bb4 6. Qd3 O-O 7. a3 Bd6 8.
g3 f5 9. Bg2 Nd7 10. O-O Nf6 11. Nd1 Re8 12. c4 dxc4 13. Qxc4 Be6 14. Qc2 g6
15. Nc3 Rc8 16. Rac1 Nd5 17. Ne5 f6 18. Nd3 Nxc3 19. Qxc3 Bf7 20. e3 Bf8 21.
Rfd1 Kg7 22. Nc5 Qe7 23. b4 Red8 24. h4 Bd5 25. Bxd5 Rxd5 26. Nd3 Re8 27. Nf4
Rd7 28. d5 cxd5 29. Rxd5 Red8 30. Rcd1 Rxd5 31. Nxd5 Qe5 32. Qc4 Rd7 33. Qc8
Qe6 34. Rd4 Qc6 35. Qxc6 bxc6 36. Nc3 Rb7 37. Rc4 Rb6 38. Ne2 Ra6 39. Rc3 Ra4
40. Nd4 a5 41. bxa5 Bxa3 42. Rxc6 Rxa5 1/2-1/2

[Event "2016 WBX Team Tournament"]
[Site "Edmonton"]
[Date "2016.12.17"]
[Round "2"]
[White "Kazmaier, Daniel"]
[Black "Banerjee, Bitan"]
[Result "0-1"]
[WhiteElo "2323"]
[BlackElo "2416"]
[PlyCount "74"]
[EventDate "2016.12.17"]
[EventType "team-swiss"]
[EventRounds "5"]
[EventCountry "CAN"]

1. e4 e6 2. d4 d5 3. e5 c5 4. c3 Nc6 5. Nf3 Qb6 6. a3 Bd7 7. b4 cxd4 8. cxd4
Rc8 9. Be2 Nge7 10. O-O Nf5 11. Bb2 h5 12. Kh1 Be7 13. Nc3 Na5 14. Na4 Qc6 15.
Nc5 Nc4 16. Bc1 b6 17. Nxd7 Qxd7 18. Bg5 b5 19. Bxe7 Qxe7 20. a4 a6 21. axb5
axb5 22. Bd3 Nh6 23. Qb3 O-O 24. Ra6 g6 25. Rfa1 Rc7 26. h4 Nd2 27. Nxd2 Qxh4+
28. Kg1 Ng4 29. Nf3 Qxf2+ 30. Kh1 Rfc8 31. Ra8 Rxa8 32. Rxa8+ Kg7 33. Ra1 Ne3
34. Ne1 Qh4+ 35. Kg1 Qxd4 36. Ra2 Nc2+ 37. Kf1 Nxe1 0-1

[Event "2016 WBX Team Tournament"]
[Site "Edmonton"]
[Date "2016.12.17"]
[Round "2"]
[White "Koneru, Nimai"]
[Black "Ludwig, David"]
[Result "1/2-1/2"]
[WhiteElo "1797"]
[BlackElo "1838"]
[PlyCount "94"]
[EventDate "2016.12.17"]
[EventType "team-swiss"]
[EventRounds "5"]
[EventCountry "CAN"]

1. d4 d5 2. c4 c6 3. Nc3 Bf5 4. Nf3 Nf6 5. Bg5 h6 6. Bf4 e6 7. e3 Bd6 8. Bxd6
Qxd6 9. cxd5 exd5 10. Bd3 Bxd3 11. Qxd3 Nbd7 12. h3 O-O 13. O-O Rfe8 14. Rab1
Ne4 15. b4 Nxc3 16. Qxc3 Rac8 17. Qd3 Nf6 18. Ne5 Ne4 19. Rfc1 f6 20. Ng6 Qe6
21. Nf4 Qf7 22. b5 g5 23. Ne2 Nd6 24. bxc6 bxc6 25. Qa6 Nc4 26. Rb7 Rc7 27.
Rxc7 Qxc7 28. Rb1 Re7 29. Ng3 Nd6 30. Rc1 Nc4 31. Nf5 Rh7 32. e4 Qb7 33. Nxh6+
Kf8 34. Qxb7 Rxb7 35. Ng4 Kf7 36. exd5 cxd5 37. Ne3 Nxe3 38. fxe3 Ke6 39. g4
Kd6 40. Rf1 Ke6 41. Rf2 a5 42. Rc2 a4 43. Rc6+ Ke7 44. Kf1 Rb1+ 45. Ke2 Rb2+
46. Kd3 Rxa2 47. Ra6 Ra3+ 1/2-1/2

[Event "2016 WBX Team Tournament"]
[Site "Edmonton"]
[Date "2016.12.17"]
[Round "2"]
[White "Ludwig, Michael"]
[Black "Fellah, Mohamad"]
[Result "0-1"]
[WhiteElo "1885"]
[BlackElo "2092"]
[PlyCount "68"]
[EventDate "2016.12.17"]
[EventType "team-swiss"]
[EventRounds "5"]
[EventCountry "CAN"]

1. c4 Nf6 2. Nf3 e6 3. g3 d5 4. cxd5 exd5 5. d4 Bb4+ 6. Bd2 Bd6 7. Bg2 O-O 8.
O-O Re8 9. Nc3 c6 10. Re1 Ne4 11. Qb3 h6 12. Rad1 Nd7 13. Bc1 Qe7 14. Nd2 Ndf6
15. Ndxe4 Nxe4 16. f3 Nxg3 17. e4 Nh5 18. exd5 Bxh2+ 19. Kh1 Qh4 20. Rxe8+ Kh7
21. Ne2 Bg3+ 22. Kg1 Qh2+ 23. Kf1 Bh3 24. Qc2+ g6 25. Rh8+ Rxh8 26. Ng1 Bf5 27.
Qc4 cxd5 28. Qxd5 Be6 29. Qb5 Rc8 30. Qxb7 Rc2 31. Ne2 Bc4 32. Rd3 Bxd3 33. Bd2
Rxd2 34. Qxf7+ Ng7 0-1

[Event "2016 WBX Team Tournament"]
[Site "Edmonton"]
[Date "2016.12.17"]
[Round "2"]
[White "Pogosian, Dmitri"]
[Black "Tuvera, Mark"]
[Result "0-1"]
[WhiteElo "1764"]
[BlackElo "1560"]
[PlyCount "118"]
[EventDate "2016.12.17"]
[EventType "team-swiss"]
[EventRounds "5"]
[EventCountry "CAN"]

1. e4 d5 2. exd5 Qxd5 3. Nc3 Qd6 4. d4 Nf6 5. h3 Bf5 6. Nf3 e6 7. Bd3 Bg6 8.
Ne2 c5 9. O-O Nc6 10. Bf4 Qd8 11. Bb5 Be7 12. Ne5 Qb6 13. Bxc6+ bxc6 14. Nxg6
hxg6 15. Rb1 O-O 16. dxc5 Bxc5 17. Nc3 Rad8 18. Qf3 Bd6 19. Bg5 Qd4 20. Bxf6
gxf6 21. Qe4 Qe5 22. Qxe5 Bxe5 23. Rfd1 Bxc3 24. bxc3 e5 25. Kf1 Rd5 26. Rxd5
cxd5 27. Rb7 Rc8 28. Rb5 Rxc3 29. Rxd5 Rxc2 30. Ra5 Rc7 31. Ke1 Kf8 32. Kd2 Ke7
33. Ra6 f5 34. h4 Kf8 35. Ke3 Kg7 36. Ra5 f6 37. Ra6 f4+ 38. Ke4 Rd7 39. g3
fxg3 40. fxg3 Re7 41. Ke3 f5 42. Kf3 Kh6 43. Ke3 Kh5 44. Kf3 g5 45. Rf6 e4+ 46.
Ke3 Re5 47. hxg5 Kxg5 48. Ra6 Re7 49. Rc6 Rd7 50. Ra6 Rg7 51. a4 Rc7 52. Kd4
Kg4 53. Rf6 Rd7+ 54. Ke3 Rd3+ 55. Kf2 Rf3+ 56. Ke2 Rxg3 57. Ra6 Rg2+ 58. Kf1
Ra2 59. Rxa7 Kf3 0-1

[Event "2016 WBX Team Tournament"]
[Site "Edmonton"]
[Date "2016.12.17"]
[Round "2"]
[White "Razzaq, Ali"]
[Black "Robertson, Trevor"]
[Result "1/2-1/2"]
[WhiteElo "1843"]
[BlackElo "1653"]
[PlyCount "123"]
[EventDate "2016.12.17"]
[EventType "team-swiss"]
[EventRounds "5"]
[EventCountry "CAN"]

1. d4 d5 2. g3 c6 3. Bg2 Nf6 4. Nf3 Bf5 5. O-O h6 6. c4 e6 7. Nc3 Nbd7 8. a4 a6
9. a5 Bd6 10. Nd2 O-O 11. Qb3 Rb8 12. f3 Bh7 13. e4 dxc4 14. Nxc4 Be7 15. Bf4
c5 16. Bxb8 Qxb8 17. d5 exd5 18. exd5 Bd3 19. Rfe1 Bxc4 20. Qxc4 Bd6 21. Ne4
Be5 22. Nxc5 Qa7 23. Kh1 Bxb2 24. Rab1 Qxc5 25. Qxc5 Nxc5 26. Rxb2 Nd3 27. Reb1
Nxb2 28. Rxb2 Nxd5 29. f4 Ne3 30. Bxb7 Rb8 31. Rb3 Nc4 32. Rc3 Rxb7 33. Rxc4
Rb5 34. Ra4 Rb2 35. Rd4 Rb5 36. Ra4 Rb2 37. Kg1 g6 38. Re4 Rb5 39. Re5 Rb2 40.
Re8+ Kg7 41. Ra8 Kf6 42. Rxa6+ Kf5 43. Ra7 Kg4 44. Rc7 Ra2 45. f5 Rxa5 46. fxg6
fxg6 47. Rc4+ Kg5 48. Kg2 h5 49. Kh3 Rd5 50. Rf4 Ra5 51. Rf2 Ra3 52. Rc2 Ra5
53. Kg2 Rf5 54. h4+ Kh6 55. Rc4 Rb5 56. Kf3 Rb1 57. Ke4 Rb3 58. Kf4 Rb1 59. g4
Rf1+ 60. Ke5 hxg4 61. Rxg4 Kh5 62. Rg5+ 1/2-1/2

[Event "2016 WBX Team Tournament"]
[Site "Edmonton"]
[Date "2016.12.17"]
[Round "2"]
[White "Relling, Leonard"]
[Black "Koperski, Dustin"]
[Result "0-1"]
[WhiteElo "1406"]
[BlackElo "1690"]
[PlyCount "48"]
[EventDate "2016.12.17"]
[EventType "team-swiss"]
[EventRounds "5"]
[EventCountry "CAN"]

1. d4 Nf6 2. Bg5 c5 3. d5 Qb6 4. Qc1 Nxd5 5. e4 Nf6 6. Nc3 h6 7. Bxf6 Qxf6 8.
Nd5 Qd6 9. Qe3 e6 10. Nc3 Be7 11. Rd1 Qb6 12. Nb5 a6 13. Qg3 axb5 14. Qxg7 Rf8
15. Qxh6 Rxa2 16. Bd3 c4 17. Be2 Qa5+ 18. c3 b4 19. Nf3 bxc3 20. O-O cxb2 21.
Bxc4 Ra1 22. Nd2 Rxd1 23. Rxd1 Bg5 24. Qh5 Bxd2 0-1

[Event "2016 WBX Team Tournament"]
[Site "Edmonton"]
[Date "2016.12.17"]
[Round "2"]
[White "Villavieja, Butch"]
[Black "Valencia, Belsar"]
[Result "1/2-1/2"]
[WhiteElo "2194"]
[BlackElo "2364"]
[PlyCount "126"]
[EventDate "2016.12.17"]
[EventType "team-swiss"]
[EventRounds "5"]
[EventCountry "CAN"]

1. e4 c5 2. c3 d5 3. exd5 Qxd5 4. d4 e6 5. Nf3 Nf6 6. Be2 Be7 7. O-O O-O 8. Na3
Nc6 9. h3 cxd4 10. cxd4 Qd8 11. Nc4 b6 12. Nce5 Bb7 13. Qa4 Nb4 14. Bd2 Nbd5
15. Bd3 a6 16. Nc6 Bxc6 17. Qxc6 Nb4 18. Bxb4 Bxb4 19. Rac1 b5 20. Rfd1 Bd6 21.
Ne5 Qb8 22. Be4 Ra7 23. Ng4 Nxe4 24. Qxe4 Rc7 25. Rc3 Rxc3 26. bxc3 Qc7 27. Qe3
Rc8 28. d5 e5 29. Qg5 Kh8 30. Ne3 f6 31. Qg4 Re8 32. Nf5 g6 33. Nxd6 Qxd6 34.
c4 f5 35. Qh4 bxc4 36. Qxc4 Rd8 37. a4 Kg7 38. Qc3 Kf7 39. Qa5 Rd7 40. h4 Kg7
41. Qc3 Rc7 42. Qb2 f4 43. Qe2 Rd7 44. Qf3 h5 45. Qb3 Qe7 46. Qh3 Qd6 47. Qc3
Rc7 48. Qb2 Rd7 49. Kh2 Qf6 50. g3 fxg3+ 51. fxg3 e4 52. Qe2 Qf3 53. Qxf3 exf3
54. Kg1 Kf6 55. Kf2 Ke5 56. Kxf3 Rxd5 57. Rxd5+ Kxd5 58. Kf4 Ke6 59. Kg5 Kf7
60. Kh6 a5 61. Kg5 Kg7 62. g4 hxg4 63. Kxg4 Kh6 1/2-1/2

[Event "2016 WBX Team Tournament"]
[Site "Edmonton"]
[Date "2016.12.17"]
[Round "2"]
[White "Yearwood, Roy"]
[Black "Gardner, Robert"]
[Result "0-1"]
[WhiteElo "2077"]
[BlackElo "2291"]
[PlyCount "110"]
[EventDate "2016.12.17"]
[EventType "team-swiss"]
[EventRounds "5"]
[EventCountry "CAN"]

1. Nf3 c5 2. c4 Nc6 3. g3 g6 4. Bg2 Bg7 5. Nc3 f5 6. d3 Nf6 7. O-O O-O 8. a3 d6
9. Rb1 e5 10. b4 Qe7 11. Bg5 Qf7 12. bxc5 dxc5 13. Be3 Qe7 14. Bg5 Qd6 15. Qc1
Re8 16. Nb5 Qd7 17. h4 Ng4 18. Ne1 h6 19. Bd2 Kh7 20. e3 b6 21. Nc2 Bb7 22. Bd5
Nf6 23. e4 f4 24. Qd1 Rf8 25. Qf3 fxg3 26. Qxg3 Nh5 27. Qh2 Nf4 28. Ne1 Qg4+
29. Ng2 Ne2+ 30. Kh1 Rf3 31. Ne3 Qd7 32. Rbe1 Rh3 33. Rxe2 Rxh2+ 34. Kxh2 a6
35. Nc3 Nd4 36. f4 exf4 37. Ng2 Nxe2 38. Nxe2 Bxd5 39. cxd5 g5 40. hxg5 hxg5
41. Rh1 Kg6 42. Ngxf4+ gxf4 43. Nxf4+ Kf7 44. Kg3 Rh8 45. Rf1 Be5 46. Kf3 Bxf4
47. Bxf4 Ke8 48. Rg1 Rf8 49. Ke3 Qa4 50. Rg6 Qd4+ 51. Kf3 Qxd3+ 52. Kg4 Qe2+
53. Kg5 Qg2+ 54. Kh5 Qxg6+ 55. Kxg6 Rxf4 0-1

[Event "2016 WBX Team Tournament"]
[Site "Edmonton"]
[Date "2016.12.17"]
[Round "3"]
[White "Banerjee, Bitan"]
[Black "Gardner, Robert"]
[Result "1-0"]
[WhiteElo "2416"]
[BlackElo "2291"]
[PlyCount "71"]
[EventDate "2016.12.17"]
[EventType "team-swiss"]
[EventRounds "5"]
[EventCountry "CAN"]

1. d4 Nf6 2. Bg5 c5 3. d5 Qb6 4. Nc3 d6 5. e4 Nbd7 6. Rb1 g6 7. Nf3 Bg7 8. Nd2
h6 9. Be3 Qd8 10. Be2 O-O 11. O-O a6 12. a4 Ne8 13. Nc4 b6 14. Qd2 Kh7 15. b4
Ne5 16. Nxe5 Bxe5 17. Nd1 Bg7 18. f4 f5 19. Nf2 Nf6 20. exf5 Bxf5 21. Bf3 Qd7
22. a5 b5 23. Qe2 Qc8 24. g4 Bd7 25. g5 Ng8 26. bxc5 dxc5 27. h4 Qc7 28. Kg2
Rac8 29. h5 Bf5 30. Rh1 Qxa5 31. hxg6+ Kxg6 32. Be4 Kh7 33. Qd3 Bxe4+ 34. Nxe4
Kh8 35. gxh6 Nxh6 36. Ng5 1-0

[Event "2016 WBX Team Tournament"]
[Site "Edmonton"]
[Date "2016.12.17"]
[Round "3"]
[White "Briones, Dante"]
[Black "Karmali, Hafiz"]
[Result "1-0"]
[WhiteElo "1970"]
[BlackElo "1992"]
[PlyCount "115"]
[EventDate "2016.12.17"]
[EventType "team-swiss"]
[EventRounds "5"]
[EventCountry "CAN"]

1. e4 Nf6 2. e5 Nd5 3. c4 Nb6 4. a4 d6 5. a5 N6d7 6. e6 fxe6 7. d4 e5 8. Bg5
exd4 9. Bd3 Ne5 10. Be4 Nbc6 11. a6 Rb8 12. f4 Nf7 13. Bh4 Qd7 14. Qf3 e5 15.
f5 Be7 16. Bxe7 Kxe7 17. Nh3 Nb4 18. O-O bxa6 19. f6+ gxf6 20. Qxf6+ Ke8 21.
Ng5 d5 22. Nxf7 Rf8 23. Bxh7 Rb6 24. Qg7 Qe7 25. c5 Re6 26. Nd2 Rxf7 27. Qg8+
Rf8 28. Bg6+ Rxg6 29. Qxg6+ Rf7 30. Qg8+ Qf8 31. Qg6 d3 32. Rf6 Ke7 33. Rxf7+
Qxf7 34. Qh6 Bf5 35. Qh4+ Qf6 36. Qxb4 e4 37. Rf1 Qe5 38. c6+ Ke8 39. Nf3 exf3
40. Re1 f2+ 41. Kxf2 Be4 42. Qb8+ Ke7 43. Qb4+ Ke6 44. Kg1 Qg5 45. Rxe4+ dxe4
46. Qxe4+ Qe5 47. Qxe5+ Kxe5 48. Kf2 Kd4 49. h4 Kc4 50. Ke3 a5 51. h5 a4 52. h6
a3 53. bxa3 Kc3 54. h7 d2 55. h8=Q+ Kc2 56. Qa1 d1=Q 57. Qxd1+ Kxd1 58. Kd3 1-0

[Event "2016 WBX Team Tournament"]
[Site "Edmonton"]
[Date "2016.12.17"]
[Round "3"]
[White "Dave, Bhavik"]
[Black "Guevarra, Alvin"]
[Result "1-0"]
[WhiteElo "1909"]
[BlackElo "1946"]
[PlyCount "87"]
[EventDate "2016.12.17"]
[EventType "team-swiss"]
[EventRounds "5"]
[EventCountry "CAN"]

1. d4 d5 2. c4 dxc4 3. e3 e5 4. Bxc4 exd4 5. exd4 Nf6 6. Nc3 Be7 7. Nge2 O-O 8.
O-O c6 9. a4 b6 10. Bf4 Bb7 11. Qc2 Na6 12. Be5 Nb4 13. Qf5 Qd7 14. Qg5 h6 15.
Qg3 Qg4 16. Rad1 Qxg3 17. Nxg3 g6 18. f4 Nbd5 19. Rfe1 Rfe8 20. f5 Kh7 21.
fxg6+ fxg6 22. Nxd5 Nxd5 23. Ne4 Bb4 24. Rf1 Re7 25. Bxd5 cxd5 26. Nf6+ Kh8 27.
Nxd5+ Rxe5 28. dxe5 Bc5+ 29. Kh1 Re8 30. Nf4 Be4 31. Rfe1 Bc2 32. Rd7 Bxa4 33.
Nxg6+ Kg8 34. Rxa7 Bc2 35. Nf4 Bd4 36. e6 Bf5 37. Rd7 Bxb2 38. Rd5 Bh7 39. e7
Kf7 40. Rd8 Rxe7 41. Rxe7+ Kxe7 42. Rb8 Be4 43. Rxb6 Bc1 44. Re6+ 1-0

[Event "2016 WBX Team Tournament"]
[Site "Edmonton"]
[Date "2016.12.17"]
[Round "3"]
[White "Kalisvaart, Peter"]
[Black "Villavieja, Butch"]
[Result "0-1"]
[WhiteElo "2105"]
[BlackElo "2194"]
[PlyCount "146"]
[EventDate "2016.12.17"]
[EventType "team-swiss"]
[EventRounds "5"]
[EventCountry "CAN"]

1. d4 Nf6 2. Bg5 Ne4 3. h4 h6 4. Bf4 d5 5. Nf3 c6 6. c3 Qb6 7. Qb3 Bf5 8. Nbd2
Nd7 9. e3 e6 10. Nxe4 Bxe4 11. Nd2 Bh7 12. Be2 Be7 13. h5 O-O 14. O-O Nf6 15.
g4 Nd7 16. c4 Qxb3 17. Nxb3 dxc4 18. Bxc4 Nb6 19. Be2 Nd5 20. Bg3 a5 21. Nc5
Ra7 22. Rac1 Rd8 23. Rfd1 Bd6 24. Bxd6 Rxd6 25. Bf3 Ne7 26. e4 Rd8 27. Na4 Kf8
28. Nc3 Raa8 29. d5 e5 30. Rd2 Rd6 31. Rcd1 Rad8 32. a4 f6 33. Kf1 Bg8 34. Ke1
Bf7 35. dxc6 Rxd2 36. Rxd2 Rxd2 37. Kxd2 Nxc6 38. Nb5 Ke7 39. Kc3 Kd7 40. Be2
g6 41. hxg6 Bxg6 42. f3 Nd8 43. Kd2 Kc6 44. Na7+ Kc5 45. Nc8 Nc6 46. Bb5 Nd4
47. Ne7 Nxf3+ 48. Ke3 Nh4 49. Ng8 Ng2+ 50. Kf2 Nf4 51. Nxf6 Kd4 52. Ng8 h5 53.
gxh5 Nxh5 54. Be2 Nf4 55. Nf6 Nxe2 56. Kxe2 Bxe4 57. Kd2 Bf5 58. Ne8 Bd7 59.
Nd6 b6 60. b3 Be6 61. Nb5+ Kc5 62. Kc3 e4 63. Nd4 Bg4 64. Nc2 Be6 65. Ne3 Bf7
66. Nc2 Kd5 67. b4 Ke5 68. bxa5 bxa5 69. Ne3 Kf4 70. Kd2 Bb3 71. Ng2+ Kf3 72.
Ne3 Bxa4 73. Nc4 Kf2 0-1

[Event "2016 WBX Team Tournament"]
[Site "Edmonton"]
[Date "2016.12.17"]
[Round "3"]
[White "Ludwig, Michael"]
[Black "Rohatynski, Jordan"]
[Result "0-1"]
[WhiteElo "1885"]
[BlackElo "1527"]
[PlyCount "70"]
[EventDate "2016.12.17"]
[EventType "team-swiss"]
[EventRounds "5"]
[EventCountry "CAN"]

1. c4 Nf6 2. Nf3 d6 3. d4 Nbd7 4. Nc3 c6 5. e4 e5 6. dxe5 dxe5 7. Bg5 Qc7 8.
Qc2 Bc5 9. Be2 Ng4 10. O-O h6 11. Bh4 g5 12. Bg3 Bd6 13. Nxg5 Nxh2 14. Nxf7
Nxf1 15. Nxh8 Nxg3 16. fxg3 Nf6 17. Ng6 Qg7 18. Nh4 Qxg3 19. Nf3 Bc5+ 20. Kh1
Ng4 21. Bf1 Nf2+ 22. Kg1 Bg4 23. Ne2 Nh3+ 24. Kh1 Qf2 25. Qd2 Bxf3 26. Qxh6
O-O-O 27. Qxh3+ Kb8 28. gxf3 Rg8 29. Qh2 Qxf3+ 30. Bg2 Qxe2 31. Qxe5+ Ka8 32.
Qh2 Qxb2 33. Rf1 Rh8 34. Bh3 Qc3 35. Rg1 Bxg1 0-1

[Event "2016 WBX Team Tournament"]
[Site "Edmonton"]
[Date "2016.12.17"]
[Round "3"]
[White "MacKinnon, Keith"]
[Black "Seehagen, Terry"]
[Result "1-0"]
[WhiteElo "2270"]
[BlackElo "1785"]
[PlyCount "83"]
[EventDate "2016.12.17"]
[EventType "team-swiss"]
[EventRounds "5"]
[EventCountry "CAN"]

1. e4 d5 2. exd5 Nf6 3. d4 c6 4. Nf3 cxd5 5. Bd3 Nc6 6. c3 Qc7 7. O-O Bg4 8.
Re1 e6 9. Bg5 Be7 10. Nbd2 h6 11. Bh4 O-O 12. Qc2 Rac8 13. a3 Nh5 14. Bxe7 Qxe7
15. h3 Bxf3 16. Nxf3 Nf4 17. Bf1 Qf6 18. Qd1 Rfe8 19. g3 Ng6 20. Bg2 Na5 21.
Qa4 Nc6 22. Rad1 Nge7 23. Ne5 a6 24. Nd7 Qg5 25. Nc5 Rb8 26. h4 Qf5 27. Rd2
Red8 28. Kh2 Qh5 29. Kg1 Qg4 30. Rde2 Qf5 31. Qb3 Qg4 32. a4 Qf5 33. Qa3 a5 34.
Re3 b6 35. Nd3 b5 36. axb5 Rxb5 37. Kh2 Ra8 38. Bh3 Qf6 39. R1e2 a4 40. Ne5 Rb3
41. Qc5 Ra6 42. Rf3 1-0

[Event "2016 WBX Team Tournament"]
[Site "Edmonton"]
[Date "2016.12.17"]
[Round "3"]
[White "Pechenkin, Vladimir"]
[Black "Yearwood, Roy"]
[Result "1-0"]
[WhiteElo "2337"]
[BlackElo "2077"]
[PlyCount "79"]
[EventDate "2016.12.17"]
[EventType "team-swiss"]
[EventRounds "5"]
[EventCountry "CAN"]

1. c4 e5 2. g3 Nc6 3. Nc3 Bc5 4. Bg2 d6 5. Nf3 Nf6 6. O-O a6 7. d3 O-O 8. a3
Bd7 9. b4 Ba7 10. Bb2 Nh5 11. e3 f5 12. b5 Na5 13. Nxe5 dxe5 14. Qxh5 e4 15.
Nxe4 fxe4 16. Bxe4 h6 17. bxa6 Qg5 18. Qxg5 hxg5 19. axb7 Rab8 20. Be5 Nxb7 21.
Bxc7 Rbc8 22. Bxb7 Rxc7 23. Bd5+ Kh7 24. d4 Ba4 25. Rab1 Rf6 26. Rb4 Ra6 27.
Be4+ g6 28. Rfb1 Kh6 29. c5 Be8 30. R1b3 g4 31. Rb7 Rc8 32. Re7 Bc6 33. Bxc6
Rcxc6 34. Rbb7 Bxc5 35. dxc5 Rxc5 36. Rb4 Rxa3 37. Rxg4 Ra2 38. Rf7 Rb2 39.
Rh4+ Kg5 40. f4# 1-0

[Event "2016 WBX Team Tournament"]
[Site "Edmonton"]
[Date "2016.12.17"]
[Round "3"]
[White "Razzaq, Ali"]
[Black "Steele, Len"]
[Result "0-1"]
[WhiteElo "1843"]
[BlackElo "1786"]
[PlyCount "64"]
[EventDate "2016.12.17"]
[EventType "team-swiss"]
[EventRounds "5"]
[EventCountry "CAN"]

1. d4 d5 2. g3 c6 3. Bg2 Nf6 4. Nf3 h6 5. O-O Bf5 6. c4 e6 7. Nc3 Nbd7 8. a4
Bd6 9. a5 O-O 10. Qb3 Rb8 11. Nd2 Bc7 12. f3 e5 13. dxe5 dxc4 14. Qa4 b5 15.
axb6 Nxb6 16. Qxc6 Bxe5 17. Kh1 Re8 18. Qc5 Bc2 19. Qa5 Bd4 20. Nb5 Re5 21. f4
Rxe2 22. Nf3 Be3 23. Ne5 Rxg2 24. Kxg2 Qd5+ 25. Nf3 Bxc1 26. Rfxc1 Be4 27. Rf1
Ng4 28. Ra3 Nd7 29. h3 Ngf6 30. Nc7 Rxb2+ 31. Rf2 Bxf3+ 32. Raxf3 Rxf2+ 0-1

[Event "2016 WBX Team Tournament"]
[Site "Edmonton"]
[Date "2016.12.17"]
[Round "3"]
[White "Robertson, Trevor"]
[Black "Relling, Leonard"]
[Result "1-0"]
[WhiteElo "1653"]
[BlackElo "1406"]
[PlyCount "83"]
[EventDate "2016.12.17"]
[EventType "team-swiss"]
[EventRounds "5"]
[EventCountry "CAN"]

1. c4 e5 2. Nc3 Nf6 3. d3 c6 4. g3 Bc5 5. e3 O-O 6. Bg2 d5 7. cxd5 Bf5 8. Nge2
cxd5 9. O-O Nc6 10. a3 a5 11. e4 Bg4 12. exd5 Nd4 13. Be3 Bxe2 14. Nxe2 Nxd5
15. Bxd4 exd4 16. Qb3 Nf6 17. Rac1 Qe7 18. Nf4 a4 19. Qc4 Ba7 20. Qxa4 g5 21.
Nd5 Nxd5 22. Bxd5 Bc5 23. Qb3 Rfe8 24. Rxc5 Qxc5 25. Bxf7+ Kf8 26. Bxe8 Rxe8
27. Qxb7 Qe5 28. Qxh7 Re7 29. Qh6+ Kg8 30. Qg6+ Kh8 31. Qe4 Qg7 32. Qa8+ Kh7
33. b4 g4 34. a4 Qh6 35. a5 Qd2 36. b5 Qxd3 37. b6 Qb5 38. Qd8 Rd7 39. Qh4+ Kg8
40. Qxg4+ Kh7 41. Qe4+ Kg7 42. Rb1 1-0

[Event "2016 WBX Team Tournament"]
[Site "Edmonton"]
[Date "2016.12.17"]
[Round "3"]
[White "Valencia, Belsar"]
[Black "Kazmaier, Daniel"]
[Result "1-0"]
[WhiteElo "2364"]
[BlackElo "2323"]
[PlyCount "63"]
[EventDate "2016.12.17"]
[EventType "team-swiss"]
[EventRounds "5"]
[EventCountry "CAN"]

1. d4 d6 2. Nf3 f5 3. c4 Nf6 4. g3 g6 5. Bg2 Bg7 6. O-O O-O 7. Nc3 Nc6 8. d5
Na5 9. Qd3 c5 10. b3 a6 11. Bb2 Rb8 12. Nd2 Ng4 13. Nd1 Ne5 14. Qc2 f4 15. gxf4
Rxf4 16. e3 Bf5 17. e4 Bg4 18. f3 Bd7 19. Nc3 b5 20. Ne2 g5 21. Rab1 Rh4 22.
Ba1 Qe8 23. Bc3 b4 24. Bxe5 Bxe5 25. f4 gxf4 26. Nf3 Rg4 27. Kh1 Kh8 28. Nxe5
dxe5 29. Qb2 Qh5 30. Nxf4 Qg5 31. Nd3 Rxg2 32. Qxg2 1-0

[Event "2016 WBX Team Tournament"]
[Site "Edmonton"]
[Date "2016.12.18"]
[Round "4"]
[White "Blyznyuk, Volodymyr"]
[Black "Razzaq, Ali"]
[Result "0-1"]
[WhiteElo "1466"]
[BlackElo "1843"]
[PlyCount "64"]
[EventDate "2016.12.17"]
[EventType "team-swiss"]
[EventRounds "5"]
[EventCountry "CAN"]

1. d4 d5 2. Nf3 Nf6 3. Bf4 c5 4. e3 Nc6 5. h3 Qb6 6. b3 Bf5 7. c3 e6 8. Be2 h6
9. Nbd2 cxd4 10. exd4 Ba3 11. O-O O-O 12. g4 Bh7 13. g5 hxg5 14. Bxg5 Nd7 15.
b4 Bb2 16. Rb1 Bxc3 17. Rb3 Bxd4 18. Nxd4 Qxd4 19. a3 Nf6 20. Rg3 Ne4 21. Nxe4
Bxe4 22. Bh6 Bg6 23. Be3 Qxd1 24. Rxd1 Rfc8 25. h4 Ne5 26. h5 Bf5 27. Bd4 f6
28. h6 g6 29. f4 Nf7 30. Bxf6 Nxh6 31. Bd3 Kf7 32. Bxf5 Nxf5 0-1

[Event "2016 WBX Team Tournament"]
[Site "Edmonton"]
[Date "2016.12.18"]
[Round "4"]
[White "Briones, Dante"]
[Black "Dave, Bhavik"]
[Result "0-1"]
[WhiteElo "1970"]
[BlackElo "1909"]
[PlyCount "72"]
[EventDate "2016.12.17"]
[EventType "team-swiss"]
[EventRounds "5"]
[EventCountry "CAN"]

1. e4 e5 2. f4 exf4 3. Nf3 g5 4. h4 g4 5. Ng1 h5 6. d4 Bh6 7. Bc4 Ne7 8. g3 d5
9. exd5 f3 10. Bxh6 Rxh6 11. Nxf3 gxf3 12. Qxf3 Bg4 13. Qf4 Qd6 14. Qe3 Nd7 15.
O-O Rf6 16. Nc3 O-O-O 17. Nb5 Rxf1+ 18. Rxf1 Qb4 19. c3 Qxc4 20. Nxa7+ Kb8 21.
Qxe7 Rf8 22. Qa3 Qxd5 23. Qa4 Be2 24. Rf4 Ba6 25. b3 Kxa7 26. c4 Qc6 27. Qxc6
bxc6 28. Rf5 Bc8 29. Rxh5 Nf6 30. Rg5 Rg8 31. Rxg8 Nxg8 32. Kf2 Bg4 33. Ke3 f5
34. b4 Nf6 35. a4 Nh5 36. Kf2 Kb6 0-1

[Event "2016 WBX Team Tournament"]
[Site "Edmonton"]
[Date "2016.12.18"]
[Round "4"]
[White "Gardner, Robert"]
[Black "Valencia, Belsar"]
[Result "1/2-1/2"]
[WhiteElo "2291"]
[BlackElo "2364"]
[PlyCount "97"]
[EventDate "2016.12.17"]
[EventType "team-swiss"]
[EventRounds "5"]
[EventCountry "CAN"]

1. d4 Nf6 2. c4 c5 3. d5 d6 4. Nc3 g6 5. e4 Bg7 6. f3 O-O 7. Nge2 e6 8. Ng3
exd5 9. cxd5 b6 10. Be2 Ba6 11. O-O Bxe2 12. Qxe2 Nbd7 13. Bg5 h6 14. Bd2 a6
15. a4 Qc7 16. Rab1 c4 17. b4 cxb3 18. Rxb3 Nc5 19. Rb4 Nfd7 20. Nd1 a5 21. Rc4
Qb7 22. Bc3 b5 23. Bxg7 Kxg7 24. Qb2+ f6 25. Qxb5 Qa7 26. Nf2 Rab8 27. Rxc5
Rxb5 28. Rxb5 Rb8 29. Rfb1 Rxb5 30. Rxb5 Nc5 31. Kf1 Nxa4 32. Ne2 Qa6 33. Rb3
Nc5 34. Ra3 Qb5 35. Nd1 a4 36. Ndc3 Qb2 37. Ra2 Qb4 38. Ra1 a3 39. Kf2 Qb2 40.
Ra2 Qb3 41. Ke3 Na4 42. Kd2 Nxc3 43. Nxc3 Kf7 44. Rc2 f5 45. exf5 gxf5 46. Kd3
f4 47. Re2 Qb6 48. Kc4 Qg1 49. h3 1/2-1/2